El capote y la nariz (Registro nro. 75376)

Detalles MARC
000 -ENCABEZADO
Número de control [NR] 00686nam a2200193Ia 4500
008 - DE LONGITUD FIJA DE DATOS DE ELEMENTOS - INFORMACIÓN GENERAL
Elementos de longitud fija [NR] 130821s1930 sp gr spa
040 ## - FUENTE DE CATALOGACION [NR]
Agencia de catalogación original [NR] Co-BoUCM
Idioma de catalogación [NR] spa
041 00 - CODIGO DE IDIOMA [R]
Código de idioma para texto/pista de sonido o título separado [R] Español
100 1# - ASIENTO PRINCIPAL--NOMBRE PERSONAL [NR]
Nombre personal [NR] Gógol, Nikolái Vasílievich
Fechas asociadas con el nombre [NR] 1809-1852
ID Autoridad 159114
245 13 - MENCION DE TITULO [NR]
Título [NR] El capote y la nariz
Mención de responsabilidad, etc. [NR] Nikolái Vasílievich Gógol ; traducción del ruso por Félix Diez Mateo
260 ## - PUBLICACION, DISTRIBUCION, ETC. (PIE DE IMPRENTA) [R]
Lugar de publicación, distribución, etc. [R] Madrid (España)
Nombre del editor, distribuidor, etc. [R] Espasa-Calpe
Fecha de publicación, distribución, etc. [R] 1930
300 ## - DESCRIPCION FISICA [R]
Extensión [R] 96 páginas
650 ## - ASIENTO SECUNDARIO DE MATERIA - TERMINO TEMATICO [R]
Término temático o nombre geográfico como elemento de entrada [NR] Cuentos rusos
9 (RLIN) 12306
650 ## - ASIENTO SECUNDARIO DE MATERIA - TERMINO TEMATICO [R]
Término temático o nombre geográfico como elemento de entrada [NR] Literatura europea
9 (RLIN) 26524
650 ## - ASIENTO SECUNDARIO DE MATERIA - TERMINO TEMATICO [R]
Término temático o nombre geográfico como elemento de entrada [NR] Literatura rusa
9 (RLIN) 18740
700 1# - ASIENTO SECUNDARIO - NOMBRE PERSONAL [R]
Nombre personal [NR] Diez Mateo, Félix
Término de relación [R]
9 (RLIN) 169162
942 ## - ELEMENTOS DE ENTRADA AGREGADOS (KOHA)
Tipo de ítem principal el descrito en 300a Libro
Tema principal Literatura
Edición 1
Parte restante de la signatura top. G613c
Sistema de clasificación DEWEY
Clasificación 891.73
Título oculto en OPAC No
Existencias
Fecha de último préstamo Total préstamos Total Renewals Signatura topográfica Código de barras Última vez visto Ejemplar Price effective from Tipo de ítem Nota pública (OPAC) Perdido Sistema de clasificación Dañado No prestable Tipo de ítem específico Suprimido Ubicación habitual Ubicación actual Localización Fecha de creación Forma de adquisición Costo
28/04/2016 1 1 891.73 G613c 100117292 11/12/2025 Ej.1 03/02/2013 Libro Spot Literatura general   DEWEY     Libro   Quinta de Mutis Quinta de Mutis Mezanecs 28/02/2013 Donación 26000.00